| 000 | 00539nam a22002057a 4500 | ||
|---|---|---|---|
| 005 | 20250731123836.0 | ||
| 008 | 230927b |||||||| |||| 00| 0 eng d | ||
| 020 | _a9789385915468 | ||
| 082 |
_a611 _bCHA-H |
||
| 100 | _aChaurasia's BD | ||
| 245 |
_aBD Chaurasia's Human Anatomy-1 : _b Upper Limb & Thorax / |
||
| 250 | _a7th.ed | ||
| 260 |
_aIndia ; _bCBS Publisher _c2017 |
||
| 300 |
_a328 _bill : _c27.5 cm. |
||
| 490 | _vvol 1 : | ||
| 500 | _aInclude Index | ||
| 650 | _aMedical / Anatomy | ||
| 700 | _aBD Chaurasia | ||
| 999 |
_c33736 _d33736 |
||